000
00290nam a22001337a 4500
008
170327b xxu||||| |||| 00| 0 eng d
020
_a
632060603
041
_a
eng
080
_a
616.9
100
_a
8
101
_a
SHM
245
_a
INFECTIOUS MONONUCLEOSIS
_c
CARTER, R.L
942
_2
udc
_c
BK
999
_c
8672
_d
8672